[Event "XXVII C.to Italiano a squadre A2"]
[Site "ITA"]
[Date "1995.??.??"]
[Round "?"]
[White "Iudicello, Giovanni"]
[Black "Bresciani, Nicola"]
[Result "1/2-1/2"]
[WhiteElo "2098"]
[BlackElo "2315"]
[PlyCount "104"]
[EventDate "1995.??.??"]

1. e4 c5 2. Nf3 d6 3. d4 cxd4 4. Nxd4 Nf6 5. Nc3 a6 6. Bg5 e6 7. f4 Qc7 8. Qf3
b5 9. a3 Nbd7 10. O-O-O Rb8 11. f5 Ne5 12. Qh3 Nfg4 13. Qg3 b4 14. axb4 Rxb4
15. fxe6 fxe6 16. Be2 Be7 17. Bxe7 Qxe7 18. Bxg4 Qg5+ 19. Kb1 Qxg4 20. Qxg4
Nxg4 21. Nc6 Rb6 22. Rxd6 Bd7 23. Rhd1 Rxc6 24. Rxd7 O-O 25. Rb7 Ne5 26. Na4 h6
27. Rd2 Rf1+ 28. Ka2 Rf4 29. Nc3 Kh7 30. h3 Kg6 31. Re2 Rf1 32. Nb1 Rd1 33. b3
h5 34. Kb2 Rcd6 35. Ra7 h4 36. Nc3 Rf1 37. Na4 Rc6 38. Rb7 Kf6 39. Rb8 Kg5 40.
Rb6 Kf4 41. Rxc6 Nxc6 42. Nc5 Ke5 43. Nxa6 Nd4 44. Rd2 Kxe4 45. Nc5+ Ke5 46. b4
Nc6 47. b5 Na5 48. Kc3 Rb1 49. Nb3 Nb7 50. Kb4 Nd6 51. c4 Ne4 52. Rc2 Kd6
1/2-1/2

[Event "XXVII C.to Italiano a squadre A2"]
[Site "ITA"]
[Date "1995.??.??"]
[Round "?"]
[White "Iudicello, Giovanni"]
[Black "Contin, Daniel"]
[Result "0-1"]
[WhiteElo "2098"]
[BlackElo "2390"]
[PlyCount "104"]
[EventDate "1995.??.??"]

1. e4 c5 2. Nf3 e6 3. d4 cxd4 4. Nxd4 Nf6 5. Nc3 d6 6. Bg5 Be7 7. Qd2 a6 8. f4
Qc7 9. O-O-O Nbd7 10. Be2 b5 11. Bxf6 Nxf6 12. a3 Rb8 13. Bf3 Rb6 14. Rhe1 O-O
15. g4 Bb7 16. g5 Nd7 17. f5 Ne5 18. f6 Bd8 19. fxg7 Re8 20. h4 b4 21. axb4 Nc4
22. Qf2 Rxb4 23. b3 Ne5 24. Na2 Rxd4 25. Rxd4 Qc5 26. b4 Qa7 27. Rd2 Bb6 28.
Qe2 a5 29. b5 Bc5 30. Rf1 Be3 31. Kd1 Qc5 32. Rd3 Nc4 33. Nc3 Qa3 34. Ke1 Bc5
35. Nd1 Qb4+ 36. c3 Qxb5 37. Bh5 Ne5 38. Rd2 Qb6 39. Rb2 Qc6 40. Ra2 Ba6 41.
Qg2 Bxf1 42. Kxf1 a4 43. Qc2 a3 44. Nf2 Bxf2 45. Kxf2 Rb8 46. Be2 Qc5+ 47. Kg2
Ng6 48. h5 Qxg5+ 49. Kf1 Nf4 50. Bf3 Qg3 51. Qd1 Rb2 52. Rxb2 axb2 0-1

[Event "XXVII C.to Italiano a squadre A2"]
[Site "ITA"]
[Date "1995.??.??"]
[Round "?"]
[White "Iudicello, Massimo"]
[Black "Racioppo, Paolo"]
[Result "1-0"]
[WhiteElo "2012"]
[BlackElo "2132"]
[PlyCount "83"]
[EventDate "1995.??.??"]

1. e4 c5 2. Nf3 d6 3. d4 cxd4 4. Nxd4 Nf6 5. Nc3 a6 6. f4 Qc7 7. Be2 g6 8. Be3
Bg7 9. O-O Nbd7 10. a4 b6 11. Nd5 Nxd5 12. exd5 Bb7 13. c4 Rc8 14. Qe1 Nf6 15.
f5 Nd7 16. Qh4 Ne5 17. b3 Rb8 18. Rf2 Bc8 19. Raf1 Bd7 20. Kh1 Qc8 21. Bh6 Bf6
22. Bg5 Bxg5 23. Qxg5 Kd8 24. fxg6 hxg6 25. Rxf7 Nxf7 26. Rxf7 Kc7 27. Qxe7 Qe8
28. Bg4 Qxe7 29. Rxe7 Rh4 30. Rxd7+ Kc8 31. Nc6 Rxg4 32. Rd8+ Kc7 33. Rxb8 Re4
34. h3 Re1+ 35. Kh2 Rb1 36. Rg8 Rxb3 37. Rxg6 Ra3 38. Rg7+ Kc8 39. Ne7+ Kd8 40.
Nf5 Rxa4 41. Nxd6 a5 42. Nb7+ 1-0

[Event "XXVII C.to Italiano a squadre A2"]
[Site "ITA"]
[Date "1995.??.??"]
[Round "?"]
[White "Kosic, Dragan"]
[Black "Djuric, Stefan"]
[Result "1/2-1/2"]
[WhiteElo "2500"]
[BlackElo "2460"]
[PlyCount "62"]
[EventDate "1995.??.??"]

1. d4 e6 2. Nf3 d5 3. Bf4 Bd6 4. Bg3 Nf6 5. e3 Ne4 6. Nbd2 Nd7 7. Nxe4 dxe4 8.
Nd2 f5 9. Nc4 Nf6 10. Qd2 O-O 11. Be2 b6 12. Nxd6 cxd6 13. Qb4 Ne8 14. h4 a5
15. Qb3 a4 16. Qb4 Ba6 17. c4 a3 18. bxa3 Rf7 19. O-O Qc7 20. Rfd1 e5 21. dxe5
dxe5 22. f4 exf3 23. Bxf3 Bb7 24. Bxb7 Qxb7 25. Bxe5 Nf6 26. Rab1 Qe7 27. Bf4
Nh5 28. Qd2 h6 29. Rxb6 Rxa3 30. Rb3 Ra6 31. c5 Rg6 1/2-1/2

[Event "XXVII C.to Italiano a squadre A2"]
[Site "ITA"]
[Date "1995.??.??"]
[Round "?"]
[White "Kosic, Dragan"]
[Black "Lava, Giovanni"]
[Result "1-0"]
[WhiteElo "2500"]
[BlackElo "2255"]
[PlyCount "87"]
[EventDate "1995.??.??"]

1. Nf3 Nf6 2. g3 g6 3. b3 Bg7 4. Bb2 O-O 5. Bg2 d5 6. c4 c6 7. O-O Bg4 8. h3
Bxf3 9. Bxf3 a5 10. d3 Nbd7 11. cxd5 Nxd5 12. Bxg7 Kxg7 13. e4 Nc7 14. d4 Nf6
15. Nc3 Qd7 16. h4 Rfd8 17. e5 Nfe8 18. Ne2 Nb5 19. d5 Qf5 20. Nf4 Qxe5 21. Re1
Qf6 22. Bg2 e5 23. Nd3 Nc3 24. Qc1 e4 25. Bxe4 Nxe4 26. Rxe4 Rxd5 27. Nf4 Rd4
28. Re1 Nd6 29. Qc5 Nf5 30. h5 a4 31. Rab1 axb3 32. Rxb3 b5 33. Rf3 Qd6 34. Qc3
Kg8 35. hxg6 hxg6 36. Nh5 b4 37. Qc1 Rd8 38. Qg5 Rd1 39. Rxd1 Qxd1+ 40. Kg2 Ng7
41. Nf6+ Kf8 42. Qh6 Rd3 43. Rf4 g5 44. Rf5 1-0

[Event "XXVII C.to Italiano a squadre A2"]
[Site "ITA"]
[Date "1995.??.??"]
[Round "?"]
[White "Lantini, Marco"]
[Black "Efimov, Igor"]
[Result "1-0"]
[WhiteElo "2220"]
[BlackElo "2460"]
[PlyCount "73"]
[EventDate "1995.??.??"]

1. d4 e6 2. c4 Nf6 3. Nf3 c5 4. d5 exd5 5. cxd5 Bd6 6. g3 O-O 7. Bg2 a6 8. O-O
b5 9. Nh4 Re8 10. a4 b4 11. Nd2 Bf8 12. d6 Nc6 13. Nb3 c4 14. Nd2 c3 15. bxc3
bxc3 16. Nc4 Rb8 17. Bg5 Na5 18. Qd4 Nb3 19. Qxc3 Nxa1 20. Qxa1 Rb4 21. Rc1
Rxe2 22. Nf5 Rxf2 23. Bxf6 Rxg2+ 24. Kxg2 Bb7+ 25. Kh3 Qxf6 26. Qxf6 gxf6 27.
Nce3 h5 28. Rc7 Rb3 29. Kh4 Kh7 30. Kxh5 Bf3+ 31. Ng4 Rb4 32. h3 Bg7 33. Rxd7
Bc6 34. Rc7 Bxa4 35. Rxf7 Be8 36. Nxf6+ Kh8 37. Nxe8 1-0

[Event "XXVII C.to Italiano a squadre A2"]
[Site "ITA"]
[Date "1995.??.??"]
[Round "?"]
[White "Lantini, Marco"]
[Black "Horvath, Zoltan"]
[Result "1/2-1/2"]
[WhiteElo "2220"]
[BlackElo "2355"]
[PlyCount "62"]
[EventDate "1995.??.??"]

1. d4 d5 2. c4 e6 3. Nc3 Nf6 4. cxd5 exd5 5. Bg5 c6 6. Qc2 Nbd7 7. e3 Be7 8.
Bd3 Nf8 9. Nf3 Ne6 10. Bh4 g6 11. O-O Ng7 12. b4 a6 13. Rab1 Bf5 14. a4 Rc8 15.
Rfc1 O-O 16. h3 Bxd3 17. Qxd3 Nf5 18. Bxf6 Bxf6 19. b5 c5 20. dxc5 Rxc5 21. Ne2
Rxc1+ 22. Rxc1 Qd6 23. Qb3 Ne7 24. Nf4 Rd8 25. Rd1 a5 26. Qa2 Kg7 27. Qd2 Qb4
28. Qa2 Qe4 29. Nd2 Qb4 30. Nf3 Qe4 31. Nd2 Qb4 1/2-1/2

[Event "XXVII C.to Italiano a squadre A2"]
[Site "ITA"]
[Date "1995.??.??"]
[Round "?"]
[White "Lava, Giovanni"]
[Black "Blasco, Domenico"]
[Result "1-0"]
[WhiteElo "2255"]
[BlackElo "2100"]
[PlyCount "75"]
[EventDate "1995.??.??"]

1. d4 Nf6 2. Nf3 c5 3. d5 b5 4. Bg5 Qb6 5. Bxf6 Qxf6 6. c3 g6 7. e4 Qb6 8. a4
b4 9. a5 Qb7 10. Qc2 Bg7 11. Nbd2 d6 12. a6 Qb6 13. Nc4 Qd8 14. cxb4 cxb4 15.
Qa4+ Nd7 16. Ra2 O-O 17. Na5 Qb6 18. Nb3 Nf6 19. Bd3 Bd7 20. Qa5 Rab8 21. Qxb6
Rxb6 22. O-O Bb5 23. Bxb5 Rxb5 24. Nfd4 Rb6 25. f3 Rc8 26. Nc6 Kf8 27. Nd2
Rbxc6 28. dxc6 Rxc6 29. Nb3 Ke8 30. Rc1 Kd7 31. Ra4 Ne8 32. Rxb4 Bxb2 33. Rb7+
Nc7 34. Rxc6 Kxc6 35. Na5+ Kd7 36. Rxb2 Nxa6 37. Rb7+ Ke6 38. Rxa7 1-0

[Event "XXVII C.to Italiano a squadre A2"]
[Site "ITA"]
[Date "1995.??.??"]
[Round "?"]
[White "Leoncini, Mario"]
[Black "Cecconi, Giovanni Alberto"]
[Result "1/2-1/2"]
[WhiteElo "2185"]
[BlackElo "2235"]
[PlyCount "65"]
[EventDate "1995.??.??"]

1. e4 c5 2. Nf3 Nc6 3. d4 cxd4 4. Nxd4 e5 5. Nb5 a6 6. Nd6+ Bxd6 7. Qxd6 Qf6 8.
Qxf6 Nxf6 9. Nc3 Nb4 10. Kd2 d6 11. a3 Nc6 12. Bd3 Be6 13. f3 Na5 14. Rd1 Rc8
15. Ke1 h6 16. Be3 Ke7 17. Rd2 Rc6 18. Rad1 Bc4 19. h3 Bxd3 20. cxd3 Rhc8 21.
Re2 b5 22. f4 Nd7 23. Nd5+ Kf8 24. Nb4 R6c7 25. Nxa6 Rc2 26. Nb4 Rxe2+ 27. Kxe2
Nb3 28. g3 Ndc5 29. Bxc5 Rxc5 30. Ke3 Nd4 31. fxe5 dxe5 32. Kf2 Ke8 33. Ra1
1/2-1/2

[Event "XXVII C.to Italiano a squadre A2"]
[Site "ITA"]
[Date "1995.??.??"]
[Round "?"]
[White "Leoncini, Mario"]
[Black "Nurkic, Sahbaz"]
[Result "0-1"]
[WhiteElo "2185"]
[BlackElo "2450"]
[PlyCount "32"]
[EventDate "1995.??.??"]

1. e4 g6 2. d4 Bg7 3. Nc3 c6 4. a4 Nh6 5. h4 d5 6. h5 dxe4 7. hxg6 hxg6 8. Nxe4
Qd5 9. Ng3 Nf5 10. Rxh8+ Bxh8 11. Nxf5 Bxf5 12. c3 Nd7 13. Ne2 O-O-O 14. Nf4
Qd6 15. Bc4 e5 16. dxe5 Qxd1+ 0-1

[Event "XXVII C.to Italiano a squadre A2"]
[Site "ITA"]
[Date "1995.??.??"]
[Round "?"]
[White "Mancini, Giustino"]
[Black "Rago, Riccardo"]
[Result "1-0"]
[WhiteElo "1941"]
[BlackElo "2225"]
[PlyCount "93"]
[EventDate "1995.??.??"]

1. c4 e5 2. Nc3 Nf6 3. g3 Nc6 4. Bg2 g6 5. Nf3 Bg7 6. O-O O-O 7. d3 h6 8. Rb1
d6 9. b4 Ne8 10. e3 Be6 11. b5 Ne7 12. Ba3 f5 13. Qc2 a6 14. b6 cxb6 15. Nd2
Nc6 16. Nd5 b5 17. cxb5 axb5 18. Bc1 Qa5 19. Qb3 Nc7 20. a3 Kh7 21. Qa2 b4 22.
e4 fxe4 23. dxe4 Bxd5 24. exd5 Nd4 25. Qc4 bxa3 26. Rxb7 Ra7 27. Rxa7 Qxa7 28.
Bxa3 Qxa3 29. Qxc7 Ne2+ 30. Kh1 Nc3 31. Nc4 Nb5 32. Qe7 Qc5 33. Ne3 Nc7 34. Be4
h5 35. Qg5 Rf6 36. Rb1 Kg8 37. Rb8+ Kf7 38. Rc8 Qb6 39. g4 Qb7 40. Rd8 hxg4 41.
Nc4 Rf4 42. Qxg6+ Ke7 43. Rg8 Bf8 44. Qg5+ Kf7 45. Qh5+ Ke7 46. Qg5+ Kf7 47.
Rh8 1-0

[Event "XXVII C.to Italiano a squadre A2"]
[Site "ITA"]
[Date "1995.??.??"]
[Round "?"]
[White "Mancini, Giustino"]
[Black "Rago, Riccardo"]
[Result "1-0"]
[WhiteElo "1941"]
[BlackElo "2225"]
[PlyCount "93"]
[EventDate "1995.??.??"]

1. c4 e5 2. Nc3 Nf6 3. g3 Nc6 4. Bg2 g6 5. Nf3 Bg7 6. O-O O-O 7. d3 h6 8. Rb1
d6 9. b4 Ne8 10. e3 Be6 11. b5 Ne7 12. Ba3 f5 13. Qc2 a6 14. b6 cxb6 15. Nd2
Nc6 16. Nd5 b5 17. cxb5 axb5 18. Bc1 Qa5 19. Qb3 Nc7 20. a3 Kh7 21. Qa2 b4 22.
e4 fxe4 23. dxe4 Bxd5 24. exd5 Nd4 25. Qc4 bxa3 26. Rxb7 Ra7 27. Rxa7 Qxa7 28.
Bxa3 Qxa3 29. Qxc7 Ne2+ 30. Kh1 Nc3 31. Nc4 Nb5 32. Qe7 Qc5 33. Ne3 Nc7 34. Be4
h5 35. Qg5 Rf6 36. Rb1 Kg8 37. Rb8+ Kf7 38. Rc8 Qb6 39. g4 Qb7 40. Rd8 hxg4 41.
Nxg4 Rf4 42. Qxg6+ Ke7 43. Rg8 Bf8 44. Qg5+ Kf7 45. Qh5+ Ke7 46. Qg5+ Kf7 47.
Rh8 1-0

[Event "XXVII C.to Italiano a squadre A2"]
[Site "ITA"]
[Date "1995.??.??"]
[Round "?"]
[White "Mantovani, Renzo"]
[Black "Berg, Daniel"]
[Result "1-0"]
[WhiteElo "2370"]
[BlackElo "2295"]
[PlyCount "39"]
[EventDate "1995.??.??"]

1. d4 d5 2. c4 Nc6 3. Nf3 e5 4. e3 Bb4+ 5. Bd2 Bxd2+ 6. Qxd2 exd4 7. Nxd4 Nxd4
8. Qxd4 Nf6 9. Nc3 Be6 10. cxd5 Bxd5 11. Rd1 Bc6 12. Bb5 Bxb5 13. Nxb5 Qe7 14.
Rc1 c6 15. Nd6+ Kf8 16. Nf5 Rd8 17. Qc3 Qe4 18. Qc5+ Ke8 19. O-O Kd7 20. Qd6+
1-0

[Event "XXVII C.to Italiano a squadre A2"]
[Site "ITA"]
[Date "1995.??.??"]
[Round "?"]
[White "Mantovani, Renzo"]
[Black "Valenti, Giuseppe"]
[Result "1-0"]
[WhiteElo "2370"]
[BlackElo "2260"]
[PlyCount "77"]
[EventDate "1995.??.??"]

1. d4 e6 2. Nf3 Nf6 3. Bg5 h6 4. Bxf6 Qxf6 5. e4 d6 6. c3 Nd7 7. Nbd2 e5 8. Bc4
Be7 9. O-O O-O 10. Re1 Re8 11. Qb3 c6 12. a4 Bf8 13. a5 g6 14. Re3 Re7 15. h3
h5 16. Rd3 Bh6 17. dxe5 dxe5 18. Qd1 Nf8 19. Rd8 Rd7 20. Rxd7 Bxd7 21. Qb3 Rb8
22. Rd1 Be8 23. Bf1 Nd7 24. Nc4 Bf8 25. Qc2 b5 26. axb6 axb6 27. b4 b5 28. Ne3
Bd6 29. h4 Bc7 30. Ng5 Bb6 31. c4 bxc4 32. Nxc4 Bd4 33. Rb1 Qe7 34. Na5 Nf6 35.
Nxc6 Bxc6 36. Qxc6 Ng4 37. Bc4 Bxf2+ 38. Kh1 Rf8 39. Qxg6+ 1-0

[Event "XXVII C.to Italiano a squadre A2"]
[Site "ITA"]
[Date "1995.??.??"]
[Round "?"]
[White "Marcoli, Paolo"]
[Black "Rigamonti, Stefano"]
[Result "1-0"]
[WhiteElo "1900"]
[BlackElo "1785"]
[PlyCount "87"]
[EventDate "1995.??.??"]

1. e4 e5 2. Bc4 Nf6 3. Qe2 Nc6 4. c3 d6 5. Nf3 Be7 6. Bb3 O-O 7. d3 Na5 8. Bc2
c5 9. Nbd2 Qc7 10. Nf1 Bd7 11. Ng3 b5 12. O-O Rac8 13. Nh4 Nxe4 14. Nhf5 Bxf5
15. Nxf5 Nf6 16. f4 Nc6 17. fxe5 Nxe5 18. Bg5 Rfe8 19. Rae1 Nd5 20. Qh5 Bxg5
21. Qxg5 f6 22. Qg3 Rcd8 23. Re4 a5 24. a4 Qa7 25. Kh1 Nb6 26. axb5 d5 27. Ree1
Qd7 28. Ra1 a4 29. Bxa4 Nxa4 30. Rxa4 Ng6 31. h4 Re5 32. Qg4 Qxb5 33. Ra7 Qxd3
34. Rf3 Qd1+ 35. Kh2 Re1 36. Rxg7+ Kf8 37. Kg3 Rf1 38. Rxf1 Qxf1 39. Rxh7 Qe1+
40. Kh2 Qe5+ 41. Ng3 Qe8 42. h5 d4 43. hxg6 Kg8 44. Qh4 1-0

[Event "XXVII C.to Italiano a squadre A2"]
[Site "ITA"]
[Date "1995.??.??"]
[Round "?"]
[White "Mascellani, Marco"]
[Black "Gasparello, Alessandro"]
[Result "1-0"]
[WhiteElo "1857"]
[BlackElo "1797"]
[PlyCount "73"]
[EventDate "1995.??.??"]

1. e4 e5 2. Nf3 Nc6 3. Bb5 a6 4. Ba4 Nf6 5. O-O Be7 6. Bxc6 dxc6 7. Nxe5 Qd4 8.
Nf3 Qxe4 9. Re1 Qb4 10. b3 Ng8 11. Bb2 f6 12. Ba3 Qg4 13. Qe2 Qd7 14. Nc3 Kf7
15. Qc4+ Kf8 16. Rxe7 Nxe7 17. Re1 Ke8 18. Rxe7+ Qxe7 19. Bxe7 Kxe7 20. d4 Rd8
21. d5 Rd6 22. h3 Bd7 23. Qe4+ Kf7 24. Qxh7 cxd5 25. Qh5+ Kg8 26. Nxd5 Be8 27.
Ne7+ Kf8 28. Ng6+ Kg8 29. Nfh4 Bxg6 30. Nxg6 Rad8 31. Ne7+ Kf8 32. Nf5 Rd1+ 33.
Kh2 Kg8 34. Qg6 R8d7 35. h4 Kf8 36. Qh7 g5 37. Qg6 1-0

[Event "XXVII C.to Italiano a squadre A2"]
[Site "ITA"]
[Date "1995.??.??"]
[Round "?"]
[White "Mascellani, Marco"]
[Black "Tonon, Alessandro"]
[Result "1-0"]
[WhiteElo "1857"]
[BlackElo "2016"]
[PlyCount "105"]
[EventDate "1995.??.??"]

1. e4 Nf6 2. Nc3 d5 3. exd5 Nxd5 4. Bc4 c6 5. d4 Bf5 6. Nf3 e6 7. O-O Be7 8.
Ne2 Nd7 9. Ng3 Bg6 10. Re1 O-O 11. Bb3 b5 12. Bd2 a5 13. c3 a4 14. Bc2 c5 15.
Bxg6 hxg6 16. Ne4 Qb6 17. Qe2 cxd4 18. Nxd4 b4 19. Rab1 N7f6 20. Nxf6+ Bxf6 21.
Nb5 bxc3 22. Nxc3 Nxc3 23. Bxc3 Bxc3 24. bxc3 Qc6 25. c4 Rfc8 26. Rec1 Qc5 27.
Qe3 Qxe3 28. fxe3 Ra5 29. a3 Kf8 30. Rb4 Ke7 31. Rd1 Rac5 32. Rc1 Ra8 33. Kf2
Kd6 34. Rb7 Rf5+ 35. Ke2 Kc6 36. Rb4 Rh5 37. h3 Rf5 38. Rd1 Rc5 39. Rf1 f6 40.
Rd1 Re5 41. Rd4 Rg5 42. Kf3 Rga5 43. Rg4 Rf5+ 44. Ke2 g5 45. h4 Raa5 46. g3
gxh4 47. gxh4 Ra7 48. Rb8 e5 49. Rc8+ Kd6 50. Rg8 Rb7 51. R4xg7 Rb2+ 52. Kd3
Rf1 53. Rd8+ 1-0

[Event "XXVII C.to Italiano a squadre A2"]
[Site "ITA"]
[Date "1995.??.??"]
[Round "?"]
[White "Mileto, Gabriele"]
[Black "Pangrazzi, Marco"]
[Result "0-1"]
[WhiteElo "2210"]
[BlackElo "2250"]
[PlyCount "40"]
[EventDate "1995.??.??"]

1. d4 Nf6 2. c4 e5 3. dxe5 Ng4 4. Nf3 Bc5 5. e3 Nc6 6. Nc3 O-O 7. Be2 Ngxe5 8.
O-O Nxf3+ 9. Bxf3 Ne5 10. Be2 a5 11. Na4 Ba7 12. b3 Re8 13. Bb2 d6 14. c5 Qh4
15. cxd6 Ng4 16. Bxg4 Bxg4 17. Qd2 Re6 18. dxc7 Rae8 19. Rac1 Bf3 20. Rc4 Rg6
0-1

[Event "XXVII C.to Italiano a squadre A2"]
[Site "ITA"]
[Date "1995.??.??"]
[Round "?"]
[White "Mileto, Gabriele"]
[Black "Rossi, Paolo"]
[Result "1-0"]
[WhiteElo "2210"]
[BlackElo "2041"]
[PlyCount "63"]
[EventDate "1995.??.??"]

1. d4 e6 2. Nf3 Nf6 3. g3 c5 4. Bg2 Nc6 5. O-O Be7 6. c4 d5 7. cxd5 exd5 8. Nc3
Ne4 9. dxc5 Nxc3 10. bxc3 Bxc5 11. Ne1 Be6 12. Nd3 Bd6 13. Nf4 Bxf4 14. Bxf4
O-O 15. Qd3 Qa5 16. Rfb1 Qa6 17. Qxa6 bxa6 18. c4 Rad8 19. Rd1 Nb4 20. c5 Rd7
21. a3 Nc6 22. Rab1 Rc8 23. e4 d4 24. Bf1 Nd8 25. Bd6 Nb7 26. Bxa6 Nxd6 27.
cxd6 Rcd8 28. e5 f6 29. f4 fxe5 30. fxe5 Bf5 31. Rbc1 Kf7 32. Bc8 1-0

[Event "XXVII C.to Italiano a squadre A2"]
[Site "ITA"]
[Date "1995.??.??"]
[Round "?"]
[White "Mocchi, Tullio"]
[Black "Conti, Valerio"]
[Result "1/2-1/2"]
[WhiteElo "2023"]
[BlackElo "2167"]
[PlyCount "80"]
[EventDate "1995.??.??"]

1. d3 g6 2. c3 Bg7 3. Nf3 c5 4. e4 Nc6 5. Be2 d5 6. O-O e5 7. exd5 Qxd5 8. Ng5
Nge7 9. Bf3 Qd7 10. Ne4 b6 11. Bg5 Qe6 12. Qb3 O-O 13. Nxc5 bxc5 14. Bxe7 Qxe7
15. Bxc6 Be6 16. Qc2 Rad8 17. Nd2 Qd6 18. Bb5 Bd5 19. Bc4 Bxc4 20. Nxc4 Qxd3
21. Qxd3 Rxd3 22. Rfd1 Rfd8 23. Rxd3 Rxd3 24. Kf1 f5 25. Ke2 Rd7 26. Rd1 Rxd1
27. Kxd1 Kf7 28. Nd6+ Ke6 29. Nb5 a5 30. Na3 Kd5 31. b3 e4 32. Kc2 Be5 33. h3
g5 34. Nc4 Bc7 35. Kd2 h5 36. a4 h4 37. Ke2 Ke6 38. f3 Kd5 39. Kf2 Bg3+ 40. Ke2
Bc7 1/2-1/2

[Event "XXVII C.to Italiano a squadre A2"]
[Site "ITA"]
[Date "1995.??.??"]
[Round "?"]
[White "Moncher, Stefano"]
[Black "Pastres, Roberto"]
[Result "1-0"]
[WhiteElo "2202"]
[BlackElo "2220"]
[PlyCount "64"]
[EventDate "1995.??.??"]

1. e4 d6 2. d4 Nd7 3. g3 Ngf6 4. Bg2 e5 5. Ne2 Be7 6. O-O O-O 7. Nbc3 c6 8. h3
b5 9. a3 Bb7 10. g4 a5 11. Ng3 Ne8 12. Nce2 g6 13. Bh6 Ng7 14. Qd2 Nb6 15. b3
a4 16. f4 f6 17. f5 c5 18. d5 axb3 19. cxb3 c4 20. b4 Na4 21. h4 Bc8 22. Rf3
Rf7 23. Raf1 gxf5 24. exf5 Ne8 25. g5 Bf8 26. g6 Rb7 27. Bxf8 Kxf8 28. Qh6+ Kg8
29. Nh5 Raa7 30. Rg3 hxg6 31. Rxg6+ Rg7 32. Nxg7 Rxg7 1-0

[Event "XXVII C.to Italiano a squadre A2"]
[Site "ITA"]
[Date "1995.??.??"]
[Round "?"]
[White "Moncher, Stefano"]
[Black "Rossi, Paolo"]
[Result "1-0"]
[WhiteElo "2202"]
[BlackElo "2041"]
[PlyCount "61"]
[EventDate "1995.??.??"]

1. e4 e5 2. Nf3 Nc6 3. Bb5 a6 4. Ba4 Nf6 5. O-O b5 6. Bb3 Be7 7. Re1 O-O 8. d3
d6 9. c3 Re8 10. Nbd2 Bf8 11. Nf1 Na5 12. Bc2 c5 13. Bg5 h6 14. Bh4 g6 15. Ne3
Bg7 16. Qd2 Kh7 17. h3 Nc6 18. g4 Qb6 19. Kh2 Be6 20. Rg1 b4 21. Nf5 Bxf5 22.
gxf5 Nh5 23. Bb3 Ra7 24. Bxf7 Rxf7 25. fxg6+ Kg8 26. gxf7+ Kxf7 27. Rxg7+ Kxg7
28. Rg1+ Kh7 29. Ng5+ Kg6 30. Nf7+ Kxf7 31. Qxh6 1-0

[Event "XXVII C.to Italiano a squadre A2"]
[Site "ITA"]
[Date "1995.??.??"]
[Round "?"]
[White "Mosna, Stefano"]
[Black "Biasizzo, Maurizio"]
[Result "1-0"]
[WhiteElo "2225"]
[BlackElo "1825"]
[PlyCount "81"]
[EventDate "1995.??.??"]

1. e4 e5 2. Nf3 Nc6 3. Bb5 a6 4. Ba4 d6 5. Bxc6+ bxc6 6. d4 exd4 7. Qxd4 c5 8.
Qd5 Be6 9. Qd3 Nf6 10. O-O Be7 11. Bg5 O-O 12. c4 Nd7 13. Bxe7 Qxe7 14. Nc3
Rfb8 15. b3 Nb6 16. e5 a5 17. Rad1 Rd8 18. exd6 cxd6 19. Rfe1 Qd7 20. Qe3 a4
21. Ne4 Qc6 22. Qg5 h6 23. Qg3 d5 24. Ne5 Qc8 25. Nf6+ Kh8 26. Nh5 Rg8 27. Qf4
dxc4 28. bxc4 Ra7 29. Nf6 Rf8 30. Re3 Bf5 31. Nh5 Bg6 32. Ng3 Qe6 33. Nxg6+
Qxg6 34. Nf5 Raa8 35. Rg3 Rad8 36. Rf1 Qf6 37. Rh3 Rd2 38. Qxd2 Qxf5 39. Rxh6+
gxh6 40. Qxh6+ Kg8 41. Qxb6 1-0

[Event "XXVII C.to Italiano a squadre A2"]
[Site "ITA"]
[Date "1995.??.??"]
[Round "?"]
[White "Negrini, Claudio"]
[Black "Messa, Roberto"]
[Result "1/2-1/2"]
[WhiteElo "2315"]
[BlackElo "2305"]
[PlyCount "49"]
[EventDate "1995.??.??"]

1. e4 e5 2. Bc4 Nf6 3. d4 exd4 4. Nf3 Nc6 5. O-O Nxe4 6. Re1 d5 7. Bxd5 Qxd5 8.
Nc3 Qa5 9. Nxe4 Be6 10. Bd2 Qd5 11. Bg5 Bd6 12. Bf6 O-O 13. Nxd4 Nxd4 14. Qxd4
Qxd4 15. Bxd4 Bb4 16. c3 Be7 17. Nc5 Bxc5 18. Bxc5 Rfd8 19. Bd4 Rd7 20. Re5
Rad8 21. a3 b6 22. b4 Rd5 23. Rae1 Rxe5 24. Rxe5 Rd5 25. Rxd5 1/2-1/2

[Event "XXVII C.to Italiano a squadre A2"]
[Site "ITA"]
[Date "1995.??.??"]
[Round "?"]
[White "Negrini, Claudio"]
[Black "Palmiotto, Fiorentino"]
[Result "1-0"]
[WhiteElo "2315"]
[BlackElo "2195"]
[PlyCount "91"]
[EventDate "1995.??.??"]

1. e4 c5 2. Nf3 Nc6 3. c4 g6 4. d4 cxd4 5. Nxd4 Bg7 6. Nc2 Nf6 7. Nc3 d6 8. Be2
O-O 9. O-O a6 10. Bg5 e6 11. Qd2 Qc7 12. Rad1 Ne8 13. Kh1 b6 14. Bh6 Bd7 15.
Bxg7 Kxg7 16. f4 Rc8 17. e5 Rd8 18. exd6 Qb8 19. b4 Qa7 20. Ne4 f5 21. Qc3+ Kg8
22. Ng5 Rc8 23. Rfe1 h6 24. Nf3 Nf6 25. Ne5 Ne4 26. Qe3 Nxe5 27. fxe5 Kg7 28.
Bd3 Ng5 29. Nd4 a5 30. b5 Qb7 31. h4 Nf7 32. Qg3 Kh7 33. a4 Rc5 34. Nb3 Rcc8
35. Rc1 Qa7 36. Qe3 Rc5 37. Nxc5 bxc5 38. Qf4 Qb6 39. h5 Rg8 40. hxg6+ Rxg6 41.
Re3 Ng5 42. g4 Qb7+ 43. Kh2 Kg8 44. gxf5 exf5 45. Bxf5 Rg7 46. Rg1 1-0

[Event "XXVII C.to Italiano a squadre A2"]
[Site "ITA"]
[Date "1995.??.??"]
[Round "?"]
[White "Nurkic, Sahbaz"]
[Black "Astengo, Corrado"]
[Result "1/2-1/2"]
[WhiteElo "2450"]
[BlackElo "2170"]
[PlyCount "20"]
[EventDate "1995.??.??"]

1. e4 c5 2. Nf3 d6 3. d4 cxd4 4. Nxd4 Nf6 5. Nc3 a6 6. Bg5 e6 7. f4 Be7 8. Qf3
Qc7 9. O-O-O Nbd7 10. g4 b5 1/2-1/2

[Event "XXVII C.to Italiano a squadre A2"]
[Site "ITA"]
[Date "1995.??.??"]
[Round "?"]
[White "Nurkic, Sahbaz"]
[Black "Profumo, Alberto"]
[Result "1-0"]
[WhiteElo "2450"]
[BlackElo "2127"]
[PlyCount "115"]
[EventDate "1995.??.??"]

1. e4 c6 2. d4 d5 3. e5 Bf5 4. Nc3 e6 5. g4 Bg6 6. Nge2 c5 7. h4 f6 8. h5 Bf7
9. f4 Nc6 10. Be3 Nh6 11. Rg1 fxe5 12. fxe5 Qh4+ 13. Bf2 Qg5 14. Nb5 Rc8 15.
Qd3 a6 16. Qh3 cxd4 17. Nbxd4 Nxd4 18. Nxd4 Bc5 19. Be3 Qxe5 20. O-O-O O-O 21.
Bd3 Kh8 22. g5 Bxd4 23. Bxd4 Qxd4 24. gxh6 Qf4+ 25. Kb1 Qxh6 26. Rde1 Rce8 27.
Qg3 Bg8 28. Bg6 Rc8 29. Bd3 Rf4 30. Qe3 Rcf8 31. Qb6 R8f7 32. b3 R4f6 33. Bg6
Rd7 34. Be8 e5 35. Qc5 Rd8 36. Qe7 Rxe8 37. Qxe8 e4 38. Qe7 b5 39. Qa7 Rf3 40.
Qd4 Qf6 41. Qxf6 gxf6 42. Ref1 Be6 43. Rxf3 exf3 44. Rg3 f2 45. Rf3 Kg7 46.
Rxf2 f5 47. Kc1 Kf6 48. Kd2 h6 49. Ke3 Bf7 50. Kf4 Bxh5 51. Rh2 Kg6 52. Rd2 Kf6
53. Rxd5 Bf7 54. Rd6+ Be6 55. Rxa6 h5 56. Rb6 h4 57. Rxb5 h3 58. Kg3 1-0

[Event "XXVII C.to Italiano a squadre A2"]
[Site "ITA"]
[Date "1995.??.??"]
[Round "?"]
[White "Paganelli, Roberto"]
[Black "De Gregorio, Massimiliano"]
[Result "0-1"]
[WhiteElo "1912"]
[BlackElo "2140"]
[PlyCount "110"]
[EventDate "1995.??.??"]

1. e4 e5 2. Nf3 Nf6 3. Nc3 Bb4 4. Nxe5 O-O 5. Be2 Re8 6. Nd3 Bxc3 7. dxc3 Nxe4
8. Nf4 d6 9. O-O Bd7 10. f3 Nf6 11. c4 Nc6 12. b3 Bf5 13. Bb2 Qe7 14. Rf2 Ne5
15. Qd2 Ng6 16. Nd5 Nxd5 17. cxd5 Qe3 18. Bf1 h5 19. g3 Re7 20. Bd4 Qxd2 21.
Rxd2 a6 22. Kf2 Rae8 23. c4 Ne5 24. h3 g5 25. g4 Bg6 26. b4 f5 27. Bxe5 Rxe5
28. Re2 Rxe2+ 29. Bxe2 fxg4 30. fxg4 h4 31. Rc1 Re5 32. Rc3 Kg7 33. a3 b6 34.
Bf3 Bf7 35. Bg2 Kf6 36. Bf3 Ke7 37. Bg2 Kd7 38. Bf3 b5 39. cxb5 axb5 40. Rd3
Ke7 41. Rc3 Bxd5 42. Rxc7+ Ke6 43. Be2 Be4 44. Bf1 Rd5 45. Rc3 Ke5 46. Ke3 Rd1
47. Bxb5 d5 48. Ke2 Rb1 49. Bd3 Rb2+ 50. Ke1 Kd4 51. Bxe4 Kxc3 52. Bxd5 Kd4 53.
Be6 Rh2 54. a4 Rxh3 55. a5 Re3+ 0-1